| 000 | 02160cam a22005054i 4500 | ||
|---|---|---|---|
| 003 | PE-LiUPU | ||
| 005 | 20250731173351.0 | ||
| 008 | 150706s2009 txu rb 000 0 eng d | ||
| 020 | _a9781602580695 | ||
| 035 | _a(Sirsi) i9781602580695 | ||
| 040 |
_aPE-LiUPU _bspa _cPE-LiUPU _erda |
||
| 049 | _aPRUA | ||
| 082 | 0 | 4 |
_a220.6 _bL42 _221 |
| 100 | 1 |
_aLeithart, Peter J., _eautor. |
|
| 245 | 1 | 0 |
_aDeep exegesis : _bthe mystery of reading scripture / _cPeter J. Leithart. |
| 264 | 1 |
_aWaco, TX : _bBaylor University Press, _c2009. |
|
| 300 |
_a264 páginas ; _c23 centímetros |
||
| 336 |
_atext _2rdacontent |
||
| 337 |
_aunmediated _2rdamedia |
||
| 338 |
_avolume _2rdacarrier |
||
| 504 | _aIncluye referencias bibliográficas. | ||
| 505 | 0 | _aThe text is a husk: modern hermeneutics -- Texts are events: typology -- Words are players: semantics -- The text is a joke : intertextuality -- Texts are music: structure -- Texts are about Christ: application. | |
| 526 | _aSEG42 | ||
| 526 | _aSEG41 | ||
| 526 | _aSEG40 | ||
| 526 | _aSEG39 | ||
| 526 | _aP94 | ||
| 526 | _aP87 | ||
| 526 | _aP86 | ||
| 526 | _aP85 | ||
| 526 | _aP77 | ||
| 526 | _aP76 | ||
| 526 | _aP35 | ||
| 630 |
_aBiblia _xCrítica, interpretación, etc. |
||
| 910 |
_agl _bjv _cjvm _d20100413 |
||
| 942 |
_2ddc _cBOOK |
||
| 949 |
_a220.6 L42 _wDEWEY _c1 _i62418 _lCCODEBUL1 _mBUL _p21.00 _r0 _sY _tBOOK _u2015-7-6 _xTEOLOGIA _PP35 _0COMPRA _o.STAFF. Colección General |
||
| 949 |
_a220.6 L42 _wDEWEY _c2 _i61263 _lCCODEBUL1 _mBUL _p24.00 _r0 _sY _tBOOK _u2015-7-6 _xTEOLOGIA _zUNKNOWN _0COMPRA _o.STAFF. Colección General |
||
| 994 |
_aC0 _bPEPRU |
||
| 596 | _a1 | ||
| 999 |
_a220.6 L42 _wDEWEY _c50528 _i62418 _d50528 _e2017-11-21 _f2021-11-9 _g5 _lCCODEBUL1 _mBUL _n1 _p21.00 _q1 _r0 _sY _tBOOK _u2015-7-6 _xTEOLOGIA _PP35 _0COMPRA _o.STAFF. Colección Teología |
||
| 999 |
_a220.6 L42 _wDEWEY _c2 _i61263 _d2018-4-24 _f2021-11-9 _g5 _lCCODEBUL1 _mBUL _p24.00 _q2 _r0 _sY _tBOOK _u2015-7-6 _xTEOLOGIA _zUNKNOWN _0COMPRA _o.STAFF. Colección General |
||
| 980 |
_81 _gALBERTO SANCHEZ Responsable de Automatización |
||